| 000 | 01697nam a2200241Ia 4500 | ||
|---|---|---|---|
| 008 | 260220t1988||||xx |||||||||||||| ||spa|| | ||
| 040 |
_aPY-SlUNAC _bspa _erda |
||
| 041 | _aspa | ||
| 082 |
_a070.18 _bR628c |
||
| 100 |
_aRodríguez, Pepe _eAutor |
||
| 245 | 0 |
_aLa conspiración Moon / _cpor Pepe Rodríguez [Autor] |
|
| 264 |
_aBarcelona : _bEdiciones B, _c℗1988. |
||
| 300 | _a1 volumen | ||
| 520 | _a"La conspiración Moon" de Pepe Rodríguez es una novela de ciencia ficción que explora las implicaciones de una misión lunar secreta, donde se entrelazan la política, la tecnología y la ambición humana. La trama se centra en un grupo de científicos y funcionarios gubernamentales que, al descubrir evidencias de vida en la Luna, se ven envueltos en una conspiración que pone en riesgo su seguridad y la estabilidad global. A medida que la historia avanza, los personajes principales deben enfrentarse a dilemas éticos y morales relacionados con el uso de la información y el poder. La obra invita a la reflexión sobre la naturaleza de la verdad y la manipulación de la información en el contexto de la exploración espacial, al mismo tiempo que ofrece un análisis crítico de la carrera armamentista y la competencia entre naciones. Con un estilo narrativo ágil y cautivador, Rodríguez logra mantener el suspenso, desafiando las percepciones del lector sobre el futuro de la humanidad y su relación con el cosmos. | ||
| 653 | _aCiencia ficción | ||
| 653 | _aConspiraciones | ||
| 653 | _aHistoria | ||
| 942 |
_b2026/02/17 _cBK |
||
| 999 |
_c6700 _d6700 |
||